| 000 | 006820000a22002290004500 | ||
|---|---|---|---|
| 003 | LK-CoMWRAF | ||
| 005 | 20230930204004.0 | ||
| 008 | 230817t ||||| |||| 00| 0 eng d | ||
| 020 | _a0670883344 | ||
| 040 |
_aLK-CoMWRAF _dLK-CoMWRAF _eLK-CoMWRAF |
||
| 041 | _aeng | ||
| 082 |
_a297.095 _bNAI |
||
| 100 | _aNaipaul, V. S. | ||
| 245 |
_aBeyaond belief : _bIslamic excursions among the converted peoples |
||
| 260 |
_aIndia : _bViking, _c1998 |
||
| 300 | _a497p | ||
| 650 | _aTravel Writing; Islam -- Asia | ||
| 650 | _aIslam and politics | ||
| 650 | _aIslamic countries -- Social life and customs | ||
| 650 | _aIslamic countries -- Description and travel | ||
| 942 | _cBK | ||
| 999 |
_c171 _d171 |
||